[Event "FRA-chT2 0304"]
[Site "France"]
[Date "2004.03.13"]
[Round "8"]
[White "Calas, Bernard"]
[Black "Geffroy, Laurent"]
[Result "1/2-1/2"]
[WhiteElo "2202"]
[BlackElo "2239"]
[PlyCount "95"]
[EventDate "2003.10.??"]
[EventType "team-tourn"]
[EventRounds "11"]
[EventCountry "FRA"]
[SourceTitle "EXT 2005"]
[Source "ChessBase"]
[SourceDate "2004.11.15"]
[SourceVersion "1"]
[SourceVersionDate "2004.11.15"]
[SourceQuality "1"]

1. e4 e6 2. d4 d5 3. Nc3 Nf6 4. Bd3 c5 5. Nf3 Nc6 6. Be3 cxd4 7. Nxd4 e5 8. Nxc6 bxc6 9. Bg5 d4 10. Ne2 Be7 11. 0-0 0-0 12. b3 Be6 13. h3 Nd7 14. Bxe7 Qxe7 15. f4 f6 16. Qd2 c5 17. Qa5 Nb6 18. fxe5 fxe5 19. Qa3 Rxf1+ 20. Rxf1 Rf8 21. Rxf8+ Kxf8 22. Qa6 Bc8 23. Qa5 Be6 24. Qa6 Qc7 25. Qa3 g6 26. Qc1 Kg7 27. c3 Qd6 28. cxd4 cxd4 29. g4 Nd7 30. Qd2 Qe7 31. Kg2 h6 32. Ng1 Qa3 33. Nf3 a5 34. Bb5 Qc5 35. Bd3 Nb8 36. Qc2 Qxc2+ 37. Bxc2 Kf6 38. Nd2 Nc6 39. a3 Ke7 40. Bd3 Kd6 41. Bb5 Ne7 42. Bc4 Bc8 43. Bf7 Ba6 44. Kf3 g5 45. Bc4 Bc8 46. Bf7 Ba6 47. Bc4 Bc8 48. Bf7 1/2-1/2

[Event "FRA-chT2 0304"]
[Site "France"]
[Date "2003.12.07"]
[Round "4"]
[White "Mullon, Jean Baptiste"]
[Black "Geffroy, Laurent"]
[Result "1-0"]
[WhiteElo "2325"]
[BlackElo "2239"]
[PlyCount "63"]
[EventDate "2003.10.??"]
[EventType "team-tourn"]
[EventRounds "11"]
[EventCountry "FRA"]
[SourceTitle "EXT 2005"]
[Source "ChessBase"]
[SourceDate "2004.11.15"]
[SourceVersion "1"]
[SourceVersionDate "2004.11.15"]
[SourceQuality "1"]
[WhiteTeam "Sautron"]
[BlackTeam "Nantes"]
[WhiteTeamCountry "FRA"]
[BlackTeamCountry "FRA"]

1. e4 e6 2. d4 d5 3. Nc3 Nf6 4. e5 Nfd7 5. f4 c5 6. Nce2 cxd4 7. Nxd4 Nc6 8. Ngf3 Bc5 9. c3 Qb6 10. a3 0-0 11. b4 Bxd4 12. cxd4 f6 13. exf6 Nxf6 14. b5 Na5 15. Bd3 Nc4 16. 0-0 Bd7 17. a4 Rac8 18. Qe2 Rfe8 19. Kh1 a6 20. bxa6 Qxa6 21. Ne5 Bxa4 22. Be3 b5 23. g4 Qd6 24. g5 Ne4 25. Nxc4 Rxc4 26. f5 exf5 27. Rxf5 Nc3 28. Qf3 Rcc8 29. Rf1 Ne4 30. Bf4 Qd7 31. Be5 Nd2 32. Qh3 1-0

[Event "FRA-chT2 0304"]
[Site "France"]
[Date "2003.10.12"]
[Round "1"]
[White "Geffroy, Laurent"]
[Black "Forthofer, Robert"]
[Result "1-0"]
[WhiteElo "2239"]
[BlackElo "2151"]
[PlyCount "63"]
[EventDate "2003.10.??"]
[EventType "team-tourn"]
[EventRounds "11"]
[EventCountry "FRA"]
[SourceTitle "EXT 2005"]
[Source "ChessBase"]
[SourceDate "2004.11.15"]
[SourceVersion "1"]
[SourceVersionDate "2004.11.15"]
[SourceQuality "1"]
[WhiteTeam "Nantes"]
[BlackTeam "Rennes"]
[WhiteTeamCountry "FRA"]
[BlackTeamCountry "FRA"]

1. d4 d5 2. c4 Nc6 3. Nf3 Bg4 4. cxd5 Bxf3 5. gxf3 Qxd5 6. e3 e5 7. Nc3 Bb4 8. Bd2 Bxc3 9. bxc3 Qd6 10. Rb1 0-0-0 11. Qb3 b6 12. Qxf7 Nf6 13. Bh3+ Kb8 14. 0-0 Rhf8 15. Qe6 Nd5 16. f4 exf4 17. e4 Nde7 18. Qxd6 cxd6 19. f3 d5 20. Rf2 Na5 21. Bf1 Ng6 22. exd5 Rxd5 23. c4 Rg5+ 24. Kh1 Nc6 25. c5 Nxd4 26. cxb6 a5 27. Bc3 Nc6 28. Bd3 Nge5 29. Be4 Kb7 30. Rd2 Rf7 31. Rd6 Rf6 32. Bxe5 1-0

[Event "FRA-chT2W 0203"]
[Site "France"]
[Date "2003.01.18"]
[Round "5"]
[White "Ionescu, Cristian Dan"]
[Black "Geffroy, Laurent"]
[Result "1/2-1/2"]
[WhiteElo "2243"]
[BlackElo "2251"]
[PlyCount "49"]
[EventDate "2002.10.??"]
[EventType "team-tourn"]
[EventRounds "11"]
[EventCountry "FRA"]
[SourceTitle "EXT 2004"]
[Source "ChessBase"]
[SourceDate "2003.11.25"]
[SourceVersion "1"]
[SourceVersionDate "2003.11.25"]
[SourceQuality "1"]
[WhiteTeam "Clermont Ferrand"]
[BlackTeam "Nantes"]
[WhiteTeamCountry "FRA"]
[BlackTeamCountry "FRA"]

1. Nf3 Nf6 2. c4 e6 3. g3 d5 4. b3 Be7 5. Bg2 0-0 6. 0-0 a5 7. d4 a4 8. Bb2 axb3 9. axb3 Rxa1 10. Bxa1 c5 11. e3 Nc6 12. Nc3 dxc4 13. bxc4 cxd4 14. exd4 Qa5 15. Qe2 Rd8 16. Rd1 h6 17. Nb5 Qa4 18. Rb1 Na5 19. Bf1 Bd7 20. Nc3 Qa3 21. Ne5 Be8 22. Bb2 Qd6 23. Ne4 Nxe4 24. Qxe4 Nc6 25. c5 1/2-1/2

[Event "FRA-chT2W 0203"]
[Site "France"]
[Date "2002.12.08"]
[Round "4"]
[White "Forthofer, Robert"]
[Black "Geffroy, Laurent"]
[Result "0-1"]
[WhiteElo "2183"]
[BlackElo "2249"]
[PlyCount "130"]
[EventDate "2002.10.??"]
[EventType "team-tourn"]
[EventRounds "11"]
[EventCountry "FRA"]
[SourceTitle "EXT 2004"]
[Source "ChessBase"]
[SourceDate "2003.11.25"]
[SourceVersion "1"]
[SourceVersionDate "2003.11.25"]
[SourceQuality "1"]
[WhiteTeam "Rennes"]
[BlackTeam "Nantes"]
[WhiteTeamCountry "FRA"]
[BlackTeamCountry "FRA"]

1. e4 e6 2. d4 d5 3. Nc3 Nf6 4. exd5 exd5 5. Bd3 c5 6. Bg5 Be6 7. Nf3 Nc6 8. dxc5 Bxc5 9. Qe2 0-0 10. 0-0-0 Bb4 11. Ne5 Bxc3 12. bxc3 Nxe5 13. Qxe5 Ng4 14. Bxd8 Nxe5 15. Bc7 Ng4 16. Bg3 Rac8 17. h3 Nf6 18. Be5 Ne4 19. Bxe4 dxe4 20. Kb2 Rc5 21. Bd6 Rb5+ 22. Ka1 Rc8 23. Be7 h6 24. Rb1 Rf5 25. Bh4 b6 26. Rhe1 Ra5 27. Rb2 Ra4 28. Re3 g5 29. Bg3 Rd8 30. Re1 Rd2 31. Kb1 f5 32. Kc1 Rd7 33. Bb8 Bxa2 34. f3 Bd5 35. Rd1 exf3 36. gxf3 Ra1+ 37. Rb1 Rxb1+ 38. Kxb1 Ba2+ 39. Kc1 Rxd1+ 40. Kxd1 a6 41. Ke2 Kf7 42. Be5 b5 43. Bc7 Kg6 44. Ba5 Kh5 45. Kf2 f4 46. Kg2 Bc4 47. Bc7 Bd5 48. Bb6 Be6 49. Kh2 Bf5 50. Kg2 Bxc2 51. Kh2 Bb3 52. Kg2 Bd5 53. Bc7 Bc6 54. Bd6 a5 55. Be7 a4 56. Bd6 Bd5 57. Bb4 Kg6 58. Ba3 Kf5 59. Kf2 Kf6 60. Bb4 Be6 61. Kg2 Ke5 62. Bf8 h5 63. Be7 Kd5 64. Bxg5 a3 65. Bxf4 a2 0-1

[Event "FRA-chT2W 0203"]
[Site "France"]
[Date "2002.11.17"]
[Round "3"]
[White "Geffroy, Laurent"]
[Black "Toulzac, Pierre Yves"]
[Result "1/2-1/2"]
[WhiteElo "2249"]
[BlackElo "2268"]
[PlyCount "24"]
[EventDate "2002.10.??"]
[EventType "team-tourn"]
[EventRounds "11"]
[EventCountry "FRA"]
[SourceTitle "EXT 2004"]
[Source "ChessBase"]
[SourceDate "2003.11.25"]
[SourceVersion "1"]
[SourceVersionDate "2003.11.25"]
[SourceQuality "1"]
[WhiteTeam "Nantes"]
[BlackTeam "Evry II"]
[WhiteTeamCountry "FRA"]
[BlackTeamCountry "FRA"]

1. d4 Nf6 2. c4 e5 3. dxe5 Ne4 4. a3 b6 5. Nf3 Bb7 6. Qc2 a5 7. Nc3 Nxc3 8. Bg5 Be7 9. Bxe7 Qxe7 10. Qxc3 0-0 11. Rd1 Re8 12. e3 Bxf3 1/2-1/2

[Event "Rohde op 02nd"]
[Site "Sautron"]
[Date "2002.10.27"]
[Round "2"]
[White "Koziak, Vitali"]
[Black "Geffroy, Laurent"]
[Result "1-0"]
[WhiteElo "2459"]
[BlackElo "2249"]
[PlyCount "109"]
[EventDate "2002.10.26"]
[EventType "swiss"]
[EventRounds "9"]
[EventCountry "FRA"]
[SourceTitle "EXT 2003"]
[Source "ChessBase"]
[SourceDate "2002.11.25"]
[SourceVersion "1"]
[SourceVersionDate "2002.11.25"]
[SourceQuality "1"]

1. d4 Nf6 2. Nf3 d5 3. c4 e6 4. Nc3 Be7 5. Bg5 h6 6. Bxf6 Bxf6 7. e3 0-0 8. Qb3 dxc4 9. Bxc4 Nc6 10. Be2 e5 11. d5 Ne7 12. 0-0 g6 13. Rfd1 Nf5 14. Rac1 a6 15. Ne4 Bg7 16. Qc2 Nd6 17. Nfd2 Bf5 18. Bf3 Rc8 19. Qb3 Bxe4 20. Nxe4 Qe7 21. Rc2 Rb8 22. Rdc1 Rfc8 23. Nxd6 Qxd6 24. g3 Bf8 25. h4 h5 26. Bg2 Qd7 27. d6 Bxd6 28. Bxb7 Rd8 29. Qd5 Qb5 30. Bc6 Qxd5 31. Bxd5 Rb6 32. e4 Kg7 33. Kg2 Rdb8 34. b3 a5 35. a4 Rb4 36. Rxc7 Bxc7 37. Rxc7 Rf8 38. Bc4 Kh6 39. Rc5 f6 40. Rxa5 Rc8 41. Kf3 g5 42. Ra6 Kg6 43. a5 gxh4 44. gxh4 Rxb3+ 45. Bxb3 Rc3+ 46. Ke2 Rxb3 47. Rb6 Ra3 48. a6 Ra4 49. Kd3 Rd4+ 50. Kc3 Rxe4 51. Rb4 Re1 52. Ra4 Rc1+ 53. Kb4 Rc8 54. Kb5 Kf5 55. f3 1-0